Statistics for Harry Styles "Fine Line" Songs

Click here to take the quiz!

General Stats

  • This quiz has been taken 4,276 times
  • The average score is 11 of 12

Answer Stats

FLSong Title% Correct
12Fine Line
98%
2Watermelon Sugar
97%
3Adore You
95%
1Golden
94%
5Cherry
93%
6Falling
91%
9Sunflower, Vol. 6
91%
10Canyon Moon
90%
11Treat People With Kindness
90%
4Lights Up
89%
8She
89%
7To Be So Lonely
84%

Score Distribution

Percentile by Number Answered

Percent of People with Each Score

Your Score History

You have not taken this quiz